Nezapomeň na zlé časy

Saved in:
Bibliographic Details
Main Author K., Koschorrek, Günter
Format Electronic eBook
LanguageCzech
Published Jota 2010
Edition1. elektronické vydání
Subjects
Online AccessDostupné v BOOKPORT po přihlášení pomocí eduID
ISBN978-80-7462-471-1
978-80-7217-741-7
Physical Description1 online zdroj (448 stran)

Cover

LEADER 00000nam a2200000 i 4500
001 bkp265290746
003 CZ-prgp
005 20171107171828.0
006 m o d
007 cr cn
008 171107s2010 xr o 000 1 cze
020 |a 978-80-7462-471-1  |c 249 Kč  |q (online ; epub) 
020 |a 978-80-7217-741-7  |c 347 Kč  |q (print) 
040 |a Grada  |b cze  |e rda 
100 1 |a K., Koschorrek, Günter 
245 1 0 |a Nezapomeň na zlé časy  |c Günter K. Koschorrek 
250 |a 1. elektronické vydání 
264 1 |b Jota  |c 2010 
300 |a 1 online zdroj (448 stran) 
336 |a text  |b txt  |2 rdacontent 
337 |a počítač  |b c  |2 rdamedia 
338 |a online zdroj  |b cr  |2 rdacarrier 
520 3 |a Dramatické zážitky vojáka wehrmachtu. Čtenáři se dostává do rukou deník obyčejného vojáka wehrmachtu, který narukoval na podzim 1942 ve svých 19 letech do armády a byl nasazen na východní frontě. Popisuje své zážitky z bojů, ale také každodenní život vojáků. Dostal se až ke Stalingradu, kde se jen těsně vyhnul obklíčení a potom s wehrmachtem ustupoval zpátky na západ. Na krátkou dobu byl nasazen ve Francii a v Itálii, ale potom se znovu vrací na východní frontu. Autor popisuje celou řadu dramatických bojových situací, z nichž se mu často jenom díky štěstí podařilo vyváznout živý. Jeho vyprávění je velice civilní a věcné a nepokouší se ze svých zážitků dělat hrdinské činy. Z knihy není patrná žádná nacionalistická ideologie, spíše naopak - je zřejmé, že většina vojáků wehrmachtu nebojovala za vlast nebo za nacistické dobyvačné cíle, ale pouze proto, aby oni sami a jejich nejbližší kamarádi přežili. 
650 0 4 |a Skutečné příběhy 
856 4 0 |u https://www.bookport.cz/AccountSaml/SignIn/?idp=https://shibboleth.utb.cz/idp/shibboleth&returnUrl=/kniha/nezapomen-na-zle-casy-3995/  |y Dostupné v BOOKPORT po přihlášení pomocí eduID